[Event "Bouches du Rhone-ch 1617"]
[Site "Vitrolles"]
[Date "2016.12.10"]
[Round "4"]
[White "Urcun, Gael"]
[Black "Derige Kane, Yan"]
[Result "1-0"]
[WhiteElo "1708"]
[BlackElo "1989"]
[PlyCount "65"]
[EventDate "2016.10.01"]
[EventType "tourn"]
[EventRounds "9"]
[EventCountry "FRA"]
[SourceTitle "EXT 2024"]
[Source "ChessBase"]
[SourceDate "2023.10.10"]
[SourceVersion "1"]
[SourceVersionDate "2023.10.10"]
[SourceQuality "1"]

1. e4 e5 2. Bc4 Nf6 3. d3 c6 4. Nf3 d5 5. Bb3 Bd6 6. 0-0 0-0 7. Bg5 Be6 8. Nc3 d4 9. Ne2 h6 10. Bh4 Bg4 11. Kh1 g5 12. Bg3 Bxf3 13. gxf3 Nh5 14. Qd2 Qf6 15. Kg2 Kh7 16. h3 Nd7 17. a3 Nc5 18. Rh1 Nf4+ 19. Bxf4 gxf4 20. Rh2 Rg8+ 21. Kh1 Nxb3 22. cxb3 Qg5 23. Rg1 Qh5 24. Rg4 f5 25. exf5 Qxf5 26. Rhg2 h5 27. Rxg8 Qxh3+ 28. Rh2 Qxf3+ 29. Rgg2 Bf8 30. Ng1 Qd5 31. Qe2 Bh6 32. Qxh5 Qe6 33. Nf3 1-0